000 00332nam a2200121Ia 4500
008 190216s9999||||xx |||||||||||||| ||und||
100 _a"Masilamani V, Sentrayan K"
245 0 _aEngineering Colleges Entrance Examinations
260 _bSura College Of Competition
_c1985
300 _a191p
650 _aEntrance Exam
942 _cREF
999 _c35723
_d35723